Les pays d’Asie avec plus de 50 millions d’habitants - Statistiques

Statistiques générales
  • Ce quiz a été pris 62 fois
  • Le résultat moyen est 11 sur 13
Statistiques - réponses
Réponse % Correct
Chine
100%
Inde
100%
Japon
98%
Corée du Sud
94%
Pakistan
94%
Indonésie
92%
Thaïlande
86%
Vietnam
86%
Bangladesh
84%
Philippines
82%
Iran
80%
Turquie
73%
Birmanie
71%
Aucun quiz correspondant
Distribution des résultats
% des personnes avec chaque résultat
Percentile par nombre de réponses
Votre historique - résultats
Vous n’avez pas pris ce quiz